Food that Starts with D - Statistics

General Stats
  • This quiz has been taken 155 times
  • The average score is 8 of 16
Answer Stats
Picture Answer % Correct
Donut
97%
Dough
90%
Dragonfruit
87%
Date
85%
Dark Chocolate
78%
Dumplings
78%
Deviled Eggs
70%
Dill
62%
Durian
60%
Dolma
22%
Daikon
13%
Damson
13%
Daal
9%
Drumstick
8%
Dragee
3%
Dobos Torte
1%
No matching quizzes found
Score Distribution
Percent of People with Each Score
Percentile by Number Answered
Your Score History
You have not taken this quiz